00983nam a2200205 i 4500003000900000005001700009007000300026008004100029020001800070040003000088082001800118100003500136245005000171264006300221300005500284336002700339337003400366338002800400520034900428DO-SdBNP20250407103855.0ta250407s2024 dr ag 000 j spa d a9788869291462 aDO-SdBNPbspacBNPHUerda axxxbV7192221 aVillar, Ana Ritaeautora4aut.10aNena :bmi abuelita amada /cAna Rita Villar  1a[Santo Domingo] :b[Centro Cultural de España],c[2024]. a[38] páginas bIlustraciones, música ;c22 cm. atextobtxt2rdacontent asin mediación bn2rdamedia avolumenbnc2rdacarrier aEs una historia que nos habla del amor filial. Describe la bondad y la entrega amorosa de una dulce abuelita. Que brinda sus cuidados a manos llenas a todos sus familiares. Su legado de amor es tan profundo, que al partir de este mundo, su recuerdo sigue vivo en los corazones de todos los que recibieron la impronta de su cariño sincero.